Μουσείο ιστορίας της τέχνης : Βιέννη

Saved in:
Bibliographic Details
Main Author: Tazartes, Maurizia (Author)
Other Authors: Παππάς, Ανδρέας, 1950- (Editor), Γαϊδατζή, Φανή (trlf)
Format: Book
Language:Greek
Italian
Published: Αθήνα : Καθημερινή, c2007.
Series:Βιβλιοθήκη τέχνης (Εφημ. Η Καθημερινή) ; 20
Μουσεία του κόσμου (Εφημ. Η Καθημερινή) ; 20
Subjects:
Tags: Add Tag
No Tags, Be the first to tag this record!

MARC

LEADER 00000cam a2200000 i 4500
001 1/119481
008 190708s2007 gr |||||||||| ||gre||
020 |a 9789606709630  |q (χαρτόδετο) 
035 |l 10106482 
040 |a GR-MY-UA  |b gre  |e aacr 
041 0 |a gre  |h ita 
082 0 |a 069.5  |2 (23) 
100 1 |a Tazartes, Maurizia,  |e aut 
245 1 0 |a Μουσείο ιστορίας της τέχνης :   |b Βιέννη /   |c επιμέλεια σειράς Ανδρέας Παππάς ; κείμενα Maurizia Tazartes ; μετάφραση Φανή Γαϊδατζή. 
260 |a Αθήνα :   |b Καθημερινή,   |c c2007. 
300 |a 189 σ. :   |b εγχρ. εικ. ;   |c 24 εκ. 
490 1 |a (Μουσεία του κόσμου ;   |v 20) 
490 1 |a (Βιβλιοθήκη τέχνης ;   |v 20) 
500 |a Μετάφραση του: Kunsthistorisches museum. 
504 |a Περιέχει ευρετήριο. 
610 2 0 |a Kunsthistorisches Museum Wien. 
650 0 |a Museum exhibits. 
700 1 |a Παππάς, Ανδρέας,   |d 1950-  |e edt 
700 1 |a Γαϊδατζή, Φανή,  |e trlf 
830 0 |a Βιβλιοθήκη τέχνης (Εφημ. Η Καθημερινή)  |v  ; 20 
830 0 |a Μουσεία του κόσμου (Εφημ. Η Καθημερινή)  |v  ; 20 
852 |a INST  |b LEMNOS  |e 20190708  |h 069.5 ΜΟΥ  |p 005600002042  |q 005600002042  |t BK  |y 0 
970 |a Ξενιτοπούλου   |b Κωνσταντία  |z 08/07/2019